000 00924nam a22003017a 4500
003 CHAP
005 20220329134703.0
008 971013s1951 ag r 00010 spa d
010 _a24210
011 _a25182
035 _a29282
040 _cCHAP
082 0 4 _a636.2
_bI52 1951
100 0 0 _aInchausti, Daniel.
_957527
245 1 _aBovinotecnia
250 _a2 ed.
260 _aBuenos Aires :
_bAteneo,
_c1951
300 _a2 v
505 0 _aContenido: v.1 Exterior y razas.- v.2 Explotación del ganado bovino
590 _aBATCH-UPD
_b10
_c20130110
_lUCH01
_h1552
590 _aCONVERSION
_b10
_c20130109
_lUCH01
_h1314
650 1 4 _aGanado vacuno.
_945425
700 0 _aTagle, Ezequiel C.
_9111350
901 _aBK
942 _cLIBRO
949 _a636.2 I52 1951
_bBC
_cLIBRO
_d33724000096335
_eLIBRO
_fv.2 c.2
_h24519
_i29282
_si
949 _a636.2 I52 1951
_bBC
_cLIBRO
_d33724000579280
_eLIBRO
_fv.2
_h24518
_i29282
_si
999 _c24210
_d24210